|
|
|
|
| LEADER |
00000cam a2200000 a 4500 |
| 001 |
17036 |
| 003 |
Ucuenca |
| 005 |
20230308175808.0 |
| 008 |
976082|1974 ||||||||r|||||||||||spa|| |
| 020 |
|
|
|a 84-7193-020-X
|
| 040 |
|
|
|b spa
|
| 041 |
0 |
|
|a spa
|
| 082 |
0 |
|
|a 618.920 1
|
| 100 |
1 |
|
|a Chasler, Charles N.
|9 85046
|
| 245 |
|
|
|a Patología craneal en el recien nacido
|c Charles N. Chasler
|h imp
|
| 264 |
|
|
|a Barcelona
|b Jims
|c 1974
|
| 300 |
|
|
|a 222 páginas:
|c 30 cm
|b ilu
|
| 504 |
|
|
|a incl. ref.
|
| 650 |
|
7 |
|a Recién nacido
|9 2165
|
| 650 |
|
0 |
|a Radiografía
|9 84277
|
| 852 |
|
|
|a UC-SALUD
|f Compra
|l 1
|m General
|p 19760825
|q 1.400
|r 1
|t 17036
|w Medicina
|y 135479
|b 0
|d CDRS
|e CDRS
|g 618.920 1 ESTANTERIA ABIERTA
|z 1976-60-82
|
| 942 |
|
|
|c BK
|z margoth.maza@ucuenca.edu.ec
|
| 999 |
|
|
|c 51045
|d 51045
|